Preparation and evaluation of thermally depolymerized natural rubber in rubber compound formulations (Record no. 65550)

MARC details
000 -LEADER
fixed length control field 00450nam a2200133Ia 4500
100 ## - MAIN ENTRY--AUTHOR NAME
Personal name Cataldo Franco
245 #0 - TITLE STATEMENT
Title Preparation and evaluation of thermally depolymerized natural rubber in rubber compound formulations
260 ## - PUBLICATION, DISTRIBUTION, ETC. (IMPRINT)
Name of publisher Progress in Rubber, Plastics and Recycling Technology
Year of publication 2006
300 ## - PHYSICAL DESCRIPTION
Number of Pages 147-163
650 ## - SUBJECT ADDED ENTRY--TOPICAL TERM
Topical Term Rubber compound
650 ## - SUBJECT ADDED ENTRY--TOPICAL TERM
Topical Term Thermally depolymerized NR
942 ## - ADDED ENTRY ELEMENTS (KOHA)
Koha item type Journals
Holdings
Withdrawn status Lost status Damaged status Not for loan Home library Current library Shelving location Date acquired Serial Enumeration / chronology Koha item type
      Journals RRII Library RRII Library Rubber chemistry 31/08/2006 Volume 22, Issue 3 Journals